| 000 | 00866nam a2200265 a 4500 | ||
|---|---|---|---|
| 001 | 000008557 | ||
| 003 | DO-SdBNP | ||
| 005 | 20250227073849.0 | ||
| 008 | 090917s2002 dr c 001 j spa d | ||
| 020 | _a9993403253 | ||
| 040 |
_aDO-SdBNP _bspa _cBNPHU |
||
| 082 |
_aRD863.44 _bM647c |
||
| 100 | 1 |
_aMiller, Jeannette, _d1944- _983484 |
|
| 245 | 1 | 0 |
_aCuentos de mujeres / _cJeannette Miller. |
| 260 |
_aSanto Domingo : _bCole, _c2002. |
||
| 300 |
_a96 p. : _aretrs. ; _c23 cm. |
||
| 500 | _aIncluye datos biográficos de la autora en la solapa de la contracubierta | ||
| 590 | _aInventariado, 2019/BT | ||
| 650 | 0 |
_aCuentos dominicanos _9176 |
|
| 650 | 0 |
_aLiteratura dominicana. _967 |
|
| 650 | 4 |
_aMujeres en la literatura _91388 |
|
| 700 | 1 |
_aAlcántara Almánzar, José _d1946- _epról. _97018 |
|
| 910 | _aValidado. Control de calidad MFF | ||
| 942 |
_2ddc _cLBS1 |
||
| 999 |
_c8327 _d8327 |
||